000 00643nam a22002177a 4500
003 OSt
005 20240718071249.0
008 240718b |||||||| |||| 00| 0 eng d
020 _a978-1-61530-532-2
040 _aDWC- Main Lib
_cOC
082 _aCirc. 796.334 B862 2011
100 _aAugustyn, Adam.
245 _aThe Britannica guide to soccer/
_cAdam Augustyn.
250 _aFirst edition
260 _aNY:
_bBritannica Educational Publication,
_cc2011.
300 _axviii, 174 pages :
_bcolor illustration ;
_c24cm.
504 _aIncludes index.
650 _a1. Soccer
650 _a2. Augustyn, Adam
942 _2ddc
_cBK-CIRC
_n1
999 _c2380
_d2380